Netting materials for fishing gear

Na minha lista:
Detalhes bibliográficos
Autor principal: Gerhard Klust
Formato: Livro
Idioma:Undetermined
Publicado em: Surrey, Eng. Fishing News Books 1982
Assuntos:
Tags: Adicionar Tag
Sem tags, seja o primeiro a adicionar uma tag!
Thư viện lưu trữ: Trung tâm Học liệu Trường Đại học Cần Thơ
LEADER 00476nam a2200181Ia 4500
001 CTU_58237
008 210402s9999 xx 000 0 und d
082 |a 639.22028 
082 |b K67 
100 |a Gerhard Klust 
245 0 |a Netting materials for fishing gear 
245 0 |c Gerhard Klust 
260 |a Surrey, Eng. 
260 |b Fishing News Books 
260 |c 1982 
650 |a fishing nets 
904 |i Minh 
980 |a Trung tâm Học liệu Trường Đại học Cần Thơ